[Event "MPJBiS 2020"]
[Site "?"]
[Date "2020.08.28"]
[Round "8.10"]
[White "Duda, Szymon"]
[Black "Bartodziej, Bartosz"]
[Result "0-1"]
[BlackElo "1563"]
[WhiteElo "1350"]
[LiveChessVersion "1.4.8"]

1. Nf3 {[%clk 0:15:18]} Nf6 {[%clk 0:15:18]} 2. d4 {[%clk 0:15:25]} g6
{[%clk 0:15:24]} 3. b3 {[%clk 0:15:18]} c6 {[%clk 0:15:30]} 4. Bb2
{[%clk 0:15:26]} Bg7 {[%clk 0:15:33]} 5. e3 {[%clk 0:15:27]} O-O {[%clk 0:15:39]}
6. Bd3 {[%clk 0:15:31]} d5 {[%clk 0:15:44]} 7. h3 {[%clk 0:15:34]} Nbd7
{[%clk 0:15:46]} 8. O-O {[%clk 0:15:36]} Re8 {[%clk 0:15:16]} 9. c4
{[%clk 0:15:40]} b6 {[%clk 0:15:02]} 10. Nc3 {[%clk 0:15:38]} Bb7
{[%clk 0:15:06]} 11. cxd5 {[%clk 0:15:38]} Nxd5 {[%clk 0:15:09]} 12. Nxd5
{[%clk 0:15:35]} cxd5 {[%clk 0:15:17]} 13. Rc1 {[%clk 0:15:40]} Rc8
{[%clk 0:14:54]} 14. Qd2 {[%clk 0:15:39]} Nf6 {[%clk 0:14:18]} 15. Rxc8
{[%clk 0:15:18]} Qxc8 {[%clk 0:14:22]} 16. Rc1 {[%clk 0:15:25]} Qd7
{[%clk 0:14:29]} 17. Ne5 {[%clk 0:14:30]} Qd6 {[%clk 0:13:50]} 18. Rc2
{[%clk 0:14:19]} Ne4 {[%clk 0:13:36]} 19. Bxe4 {[%clk 0:13:47]} dxe4
{[%clk 0:13:43]} 20. Nc4 {[%clk 0:13:30]} Qd7 {[%clk 0:13:40]} 21. Qc1
{[%clk 0:13:18]} Rc8 {[%clk 0:11:46]} 22. Na3 {[%clk 0:12:38]} Bf8
{[%clk 0:10:00]} 23. Rxc8 {[%clk 0:12:02]} Bxc8 {[%clk 0:09:24]} 24. Qc4
{[%clk 0:11:50]} e6 {[%clk 0:08:41]} 25. Nc2 {[%clk 0:11:42]} a5 {[%clk 0:06:50]}
26. Ba3 {[%clk 0:11:19]} b5 {[%clk 0:06:52]} 27. Qe2 {[%clk 0:10:10]} b4
{[%clk 0:06:49]} 28. Bb2 {[%clk 0:10:11]} Qc6 {[%clk 0:06:44]} 29. Qc4
{[%clk 0:09:20]} Qa8 {[%clk 0:05:56]} 30. Ne1 {[%clk 0:07:20]} Ba6
{[%clk 0:05:20]} 31. Qc7 {[%clk 0:05:30]} Be2 {[%clk 0:04:31]} 32. Qc2
{[%clk 0:03:51]} Bb5 {[%clk 0:03:46]} 33. Qc7 {[%clk 0:03:36]} Bg7
{[%clk 0:01:17]} 34. Qb6 {[%clk 0:02:32]} Bc6 {[%clk 0:01:01]} 35. Nc2
{[%clk 0:00:39]} Bd5 {[%clk 0:00:50]} 36. Ne1 {[%clk 0:00:20]} Bf6
{[%clk 0:00:43]} 37. Nc2 {[%clk 0:00:12]} Bd8 {[%clk 0:00:44]} 38. Qd6
{[%clk 0:00:13]} Qc8 {[%clk 0:00:27]} 39. Ne1 {[%clk 0:00:20]} Bc7
{[%clk 0:00:25]} 40. Qc5 {[%clk 0:00:22]} Qb7 {[%clk 0:00:32]} 41. Nc2
{[%clk 0:00:15]} Bb6 {[%clk 0:00:25]} 42. Qb5 {[%clk 0:00:12]} Bc6
{[%clk 0:00:22]} 43. Qc4 {[%clk 0:00:17]} Bc7 {[%clk 0:00:17]} 44. Ne1
{[%clk 0:00:14]} Bb5 {[%clk 0:00:17]} 45. Qc5 {[%clk 0:00:19]} Bc6
{[%clk 0:00:15]} 46. Qc4 {[%clk 0:00:23]} Bd5 {[%clk 0:00:23]} 47. Qe2
{[%clk 0:00:20]} Bd6 {[%clk 0:00:14]} 48. Qf1 {[%clk 0:00:16]} Bc6
{[%clk 0:00:15]} 49. Qe2 {[%clk 0:00:25]} Bb8 {[%clk 0:00:15]} 50. Qc4
{[%clk 0:00:25]} Qc7 {[%clk 0:00:17]} 51. g3 {[%clk 0:00:24]} Qb7
{[%clk 0:00:19]} 52. Kg2 {[%clk 0:00:17]} Bd6 {[%clk 0:00:26]} 53. Qe2
{[%clk 0:00:12]} Bb5 {[%clk 0:00:24]} 54. Qc2 {[%clk 0:00:21]} Bd3
{[%clk 0:00:19]} 55. Qd2 {[%clk 0:00:24]} Ba6 {[%clk 0:00:16]} 56. Nc2
{[%clk 0:00:24]} Qc6 {[%clk 0:00:15]} 57. Kg1 {[%clk 0:00:12]} Qb5
{[%clk 0:00:18]} 58. Qd1 {[%clk 0:00:21]} a4 {[%clk 0:00:15]} 59. Na1
{[%clk 0:00:12]} a3 {[%clk 0:00:13]} 60. Bc1 {[%clk 0:00:15]} Qf5
{[%clk 0:00:16]} 61. Kg2 {[%clk 0:00:12]} Bd3 {[%clk 0:00:20]} 62. Nc2
{[%clk 0:00:11]} Qf3+ 0-1

[Event "MPJBiS 2020"]
[Site "?"]
[Date "2020.08.28"]
[Round "8.11"]
[White "Borowik, Wojciech"]
[Black "Pawlowski, Kamil"]
[Result "1-0"]
[BlackElo "1307"]
[WhiteElo "1528"]
[LiveChessVersion "1.4.8"]

1. d4 {[%clk 0:15:11]} d5 {[%clk 0:15:16]} 2. c4 {[%clk 0:15:18]} e6
{[%clk 0:15:23]} 3. Nc3 {[%clk 0:15:26]} Nf6 {[%clk 0:15:31]} 4. Bg5
{[%clk 0:15:33]} Be7 {[%clk 0:15:38]} 5. e3 {[%clk 0:15:35]} Nbd7
{[%clk 0:15:39]} 6. Nf3 {[%clk 0:15:39]} b6 {[%clk 0:15:45]} 7. cxd5
{[%clk 0:15:45]} exd5 {[%clk 0:15:48]} 8. Bb5 {[%clk 0:15:48]} Bb7
{[%clk 0:15:50]} 9. Ne5 {[%clk 0:15:48]} O-O {[%clk 0:13:22]} 10. Bc6
{[%clk 0:12:27]} Nxe5 {[%clk 0:12:44]} 11. Bxb7 {[%clk 0:12:31]} Rb8
{[%clk 0:12:18]} 12. dxe5 {[%clk 0:12:25]} Nd7 {[%clk 0:09:51]} 13. Bxe7
{[%clk 0:12:17]} Qxe7 {[%clk 0:09:55]} 14. Bxd5 {[%clk 0:11:55]} Nxe5
{[%clk 0:08:08]} 15. Qe2 {[%clk 0:11:01]} c6 {[%clk 0:08:12]} 16. Bb3
{[%clk 0:10:26]} Rbd8 {[%clk 0:08:08]} 17. O-O {[%clk 0:10:06]} Rd6
{[%clk 0:07:51]} 18. Rad1 {[%clk 0:09:13]} Rg6 {[%clk 0:07:13]} 19. Bc2
{[%clk 0:06:42]} Rh6 {[%clk 0:04:36]} 20. h3 {[%clk 0:04:45]} Ng6
{[%clk 0:02:39]} 21. Bxg6 {[%clk 0:04:41]} Rxg6 {[%clk 0:02:35]} 22. Qf3
{[%clk 0:04:30]} Qb4 {[%clk 0:02:19]} 23. Rd2 {[%clk 0:04:12]} Rf6
{[%clk 0:02:19]} 24. Qe4 {[%clk 0:04:17]} Qc5 {[%clk 0:02:06]} 25. Rfd1
{[%clk 0:02:59]} Qg5 {[%clk 0:01:31]} 26. Rd8 {[%clk 0:02:26]} Re6
{[%clk 0:01:16]} 27. Rxf8+ {[%clk 0:02:33]} Kxf8 {[%clk 0:01:25]} 28. Qf4
{[%clk 0:02:25]} Qg6 {[%clk 0:00:43]} 29. Qb8+ {[%clk 0:01:47]} Re8
{[%clk 0:00:38]} 30. Rd8 {[%clk 0:01:30]} Qe6 {[%clk 0:00:37]} 31. Rxe8+
{[%clk 0:01:38]} Qxe8 {[%clk 0:00:46]} 32. Qxe8+ {[%clk 0:01:47]} Kxe8
{[%clk 0:00:55]} 33. Kf1 {[%clk 0:01:55]} Kd7 {[%clk 0:01:04]} 34. Ke2
{[%clk 0:02:04]} Kd6 {[%clk 0:01:14]} 35. Kd3 {[%clk 0:02:13]} f5
{[%clk 0:01:13]} 36. e4 {[%clk 0:02:14]} Ke5 {[%clk 0:01:06]} 37. exf5
{[%clk 0:02:13]} Kxf5 {[%clk 0:01:11]} 38. Ne2 {[%clk 0:02:11]} g5
{[%clk 0:00:38]} 39. Nd4+ {[%clk 0:02:20]} Kf4 {[%clk 0:00:42]} 40. Nxc6
{[%clk 0:02:28]} 1-0

[Event "MPJBiS 2020"]
[Site "?"]
[Date "2020.08.28"]
[Round "9.1"]
[White "Seemann, Jakub"]
[Black "Grot, Blazej"]
[Result "1-0"]
[BlackElo "1601"]
[WhiteElo "1687"]
[LiveChessVersion "1.4.8"]

1. d4 Nf6 2. c4 e6 3. Nf3 d5 4. g3 c6 5. Bg2 Nbd7 6. Qc2 Bd6 7. O-O O-O 8. Nbd2
Re8 9. e4 dxe4 10. Nxe4 Nxe4 11. Qxe4 Nf6 12. Qc2 h6 13. Bd2 c5 14. Bc3 Bd7 15.
dxc5 Bxc5 16. Ne5 Qc7 17. b3 Rad8 18. Qb2 Bf8 19. Nxd7 Nxd7 20. Rac1 Nc5 21. Rcd1
Rxd1 22. Rxd1 Rd8 23. Rxd8 Qxd8 24. Qd2 Qxd2 25. Bxd2 b6 26. Kf1 Bd6 27. Ke2 Kf8
28. Kd1 Ke7 29. Kc2 Na6 30. Kb2 Nb4 31. Be4 Na6 32. a3 Nc5 33. Bc2 Nd7 34. f4 e5
35. fxe5 Nxe5 36. Bd1 Bc5 37. Be2 a5 38. b4 axb4 39. axb4 Bg1 40. h4 Bf2 41. Bf4
f6 42. h5 Kd6 43. Kb3 Kc6 44. Bf1 Kd6 45. Ka4 Kc6 46. Bg2+ Kd6 47. Kb5 Bd4 48.
Be4 Bf2 49. Bg2 Bd4 50. Bf1 Bf2 51. Be2 Bd4 52. Bc1 Nd7 53. Ba3 Bf2 54. g4 Be3
55. Ka6 Kc7 56. Bb2 Ne5 57. Ba1 Bf2 58. Bc3 Be3 59. c5 Nd7 60. cxb6+ Bxb6 61. Bd1
Be3 62. Ba4 Nb6 63. Bb3 Nd7 64. Kb5 Kd6 65. Bd1 Nb6 66. Bf3 Nd7 67. Be1 Ne5 68.
Be2 Kc7 69. Bg3 Bd4 70. Ka6 Be3 71. Bd1 Bd4 72. Bc2 Be3 73. Bf5 Bd4 74. b5 Bb6
75. Be6 Bd4 76. Be1 Nd3 77. Bg3+ Ne5 78. Bf5 Bb6 79. Be1 Nc4 80. Bb4 Nb2 81. Bc2
Nc4 82. Bf8 Ne5 83. Bf5 Nf3 84. Bxg7 Nd4 85. Bxf6 Nb3 86. Be5+ 1-0

[Event "MPJBiS 2020"]
[Site "?"]
[Date "2020.08.28"]
[Round "9.2"]
[White "Wierzbicki, Dawid"]
[Black "Raczek, Krzysztof"]
[Result "1-0"]
[BlackElo "1559"]
[WhiteElo "1507"]
[LiveChessVersion "1.4.8"]

1. e4 {[%clk 0:15:18]} c6 {[%clk 0:15:14]} 2. d4 {[%clk 0:15:25]} d5
{[%clk 0:15:23]} 3. e5 {[%clk 0:15:33]} Bf5 {[%clk 0:15:29]} 4. c3
{[%clk 0:15:31]} e6 {[%clk 0:15:12]} 5. Bd3 {[%clk 0:15:39]} Bxd3
{[%clk 0:15:19]} 6. Qxd3 {[%clk 0:15:47]} c5 {[%clk 0:15:28]} 7. Nf3
{[%clk 0:15:45]} Nc6 {[%clk 0:15:36]} 8. O-O {[%clk 0:15:35]} Rc8
{[%clk 0:15:43]} 9. Be3 {[%clk 0:15:33]} cxd4 {[%clk 0:15:18]} 10. cxd4
{[%clk 0:15:39]} Qd7 {[%clk 0:15:28]} 11. Nbd2 {[%clk 0:15:42]} Nge7
{[%clk 0:15:28]} 12. Rac1 {[%clk 0:15:49]} Nf5 {[%clk 0:15:36]} 13. Nb3
{[%clk 0:15:49]} h6 {[%clk 0:15:29]} 14. Nc5 {[%clk 0:15:35]} Bxc5
{[%clk 0:15:36]} 15. Rxc5 {[%clk 0:15:40]} O-O {[%clk 0:15:36]} 16. Rfc1
{[%clk 0:15:35]} Nb4 {[%clk 0:15:33]} 17. Qa3 {[%clk 0:15:12]} Rxc5
{[%clk 0:15:33]} 18. Rxc5 {[%clk 0:15:12]} Na6 {[%clk 0:15:40]} 19. Rc3
{[%clk 0:14:56]} Rc8 {[%clk 0:15:38]} 20. Bd2 {[%clk 0:14:39]} Rxc3
{[%clk 0:15:39]} 21. Qxc3 {[%clk 0:14:34]} Qc6 {[%clk 0:15:12]} 22. a3
{[%clk 0:13:35]} Qxc3 {[%clk 0:14:22]} 23. Bxc3 {[%clk 0:13:33]} Nc7
{[%clk 0:14:12]} 24. a4 {[%clk 0:13:36]} b5 {[%clk 0:13:40]} 25. Ba5
{[%clk 0:13:35]} Na6 {[%clk 0:13:19]} 26. axb5 {[%clk 0:13:00]} Nb8
{[%clk 0:13:26]} 27. Bb4 {[%clk 0:13:09]} Nd7 {[%clk 0:11:50]} 28. g4 1-0

[Event "MPJBiS 2020"]
[Site "?"]
[Date "2020.08.28"]
[Round "9.3"]
[White "Warchol, Kamil"]
[Black "Bochniak, Franciszek"]
[Result "1/2-1/2"]
[BlackElo "1719"]
[WhiteElo "1751"]
[LiveChessVersion "1.4.8"]

1. e4 {[%clk 0:15:19]} c5 {[%clk 0:15:17]} 2. Nf3 {[%clk 0:15:27]} d6
{[%clk 0:15:25]} 3. d4 {[%clk 0:15:36]} cxd4 {[%clk 0:15:34]} 4. Nxd4
{[%clk 0:15:45]} Nf6 {[%clk 0:15:43]} 5. Nc3 {[%clk 0:15:54]} a6 {[%clk 0:15:51]}
6. Bc4 {[%clk 0:16:02]} e6 {[%clk 0:15:48]} 7. O-O {[%clk 0:16:02]} Be7
{[%clk 0:15:56]} 8. a4 {[%clk 0:15:45]} Nbd7 {[%clk 0:15:50]} 9. Be3
{[%clk 0:15:49]} Qc7 {[%clk 0:15:57]} 10. Be2 {[%clk 0:15:32]} b6
{[%clk 0:15:31]} 11. Qd2 {[%clk 0:14:37]} Bb7 {[%clk 0:15:37]} 12. f3
{[%clk 0:14:46]} O-O {[%clk 0:15:43]} 13. Rad1 {[%clk 0:14:51]} Rac8
{[%clk 0:15:15]} 14. Kh1 {[%clk 0:14:52]} Rfd8 {[%clk 0:15:18]} 15. Qe1
{[%clk 0:14:54]} Nf8 {[%clk 0:15:24]} 16. Qf2 {[%clk 0:14:56]} N8d7
{[%clk 0:15:09]} 17. Nb3 {[%clk 0:14:13]} Nc5 {[%clk 0:15:00]} 18. Bd4
{[%clk 0:14:07]} Qc6 {[%clk 0:13:26]} 19. Qg3 {[%clk 0:11:44]} Kh8
{[%clk 0:11:26]} 1/2-1/2

[Event "MPJBiS 2020"]
[Site "?"]
[Date "2020.08.28"]
[Round "9.4"]
[White "Krawczyk, Flawian"]
[Black "Skrzypinski, Jan"]
[Result "1-0"]
[BlackElo "1519"]
[WhiteElo "1728"]
[LiveChessVersion "1.4.8"]

1. e4 {[%clk 0:15:18]} d6 {[%clk 0:15:18]} 2. d4 {[%clk 0:15:26]} c5
{[%clk 0:15:26]} 3. Nf3 {[%clk 0:15:24]} cxd4 {[%clk 0:15:35]} 4. Qxd4
{[%clk 0:15:33]} Nc6 {[%clk 0:15:44]} 5. Bb5 Bd7 6. Qd3 {[%clk 0:15:46]} Nf6
{[%clk 0:15:57]} 7. c4 {[%clk 0:15:51]} a6 {[%clk 0:16:04]} 8. Bxc6
{[%clk 0:15:51]} Bxc6 {[%clk 0:16:12]} 9. Nc3 {[%clk 0:16:00]} Qa5
{[%clk 0:16:21]} 10. O-O {[%clk 0:15:13]} g6 {[%clk 0:16:29]} 11. Rb1
{[%clk 0:14:42]} Bg7 {[%clk 0:16:28]} 12. Nd4 {[%clk 0:12:44]} O-O
{[%clk 0:16:19]} 13. h3 {[%clk 0:12:16]} Rac8 {[%clk 0:15:54]} 14. b3
{[%clk 0:12:00]} b5 {[%clk 0:15:11]} 15. cxb5 {[%clk 0:08:42]} axb5
{[%clk 0:15:19]} 16. Nxc6 {[%clk 0:08:28]} Rxc6 {[%clk 0:15:18]} 17. Bd2
{[%clk 0:08:05]} Qb6 {[%clk 0:14:27]} 18. Rfe1 {[%clk 0:07:16]} Rb8
{[%clk 0:13:57]} 19. Rbc1 {[%clk 0:06:59]} Nd7 {[%clk 0:13:39]} 20. Nd5
{[%clk 0:07:04]} Rxc1 {[%clk 0:13:34]} 21. Nxb6 {[%clk 0:06:57]} Rxe1+
{[%clk 0:13:41]} 22. Bxe1 {[%clk 0:07:06]} Rxb6 {[%clk 0:13:40]} 23. Bc3
{[%clk 0:05:37]} Nc5 {[%clk 0:13:20]} 24. Qe3 {[%clk 0:05:40]} Bxc3
{[%clk 0:13:29]} 25. Qxc3 {[%clk 0:05:49]} Rb8 {[%clk 0:12:50]} 26. e5
{[%clk 0:05:45]} Re8 {[%clk 0:10:12]} 27. b4 {[%clk 0:05:38]} Ne6
{[%clk 0:09:32]} 28. Qc6 {[%clk 0:05:25]} Rb8 {[%clk 0:09:23]} 29. exd6
{[%clk 0:05:29]} exd6 {[%clk 0:09:31]} 30. Qxd6 {[%clk 0:05:37]} Ra8
{[%clk 0:09:40]} 31. Qd5 {[%clk 0:05:24]} Ra4 {[%clk 0:09:36]} 32. Qxb5
{[%clk 0:05:13]} Rxa2 {[%clk 0:09:45]} 33. Qb8+ {[%clk 0:05:20]} Kg7
{[%clk 0:09:53]} 34. b5 {[%clk 0:05:11]} Ra1+ {[%clk 0:10:02]} 35. Kh2
{[%clk 0:05:18]} Rb1 {[%clk 0:10:11]} 36. b6 {[%clk 0:05:24]} Re1
{[%clk 0:08:04]} 37. Qc8 {[%clk 0:04:48]} Ng5 {[%clk 0:07:21]} 38. Qc3+
{[%clk 0:04:56]} 1-0

[Event "MPJBiS 2020"]
[Site "?"]
[Date "2020.08.28"]
[Round "9.5"]
[White "Nawalaniec, Adam"]
[Black "Zielonka, Adam"]
[Result "1-0"]
[BlackElo "1609"]
[WhiteElo "1458"]
[LiveChessVersion "1.4.8"]

1. e4 d6 2. d4 Nf6 3. Nc3 e5 4. dxe5 dxe5 5. Qxd8+ Kxd8 6. Bg5 c6 7. Bc4 Ke8 8.
Bxf6 gxf6 9. O-O-O Be6 10. Bb3 Bc5 11. f4 Be3+ 12. Kb1 Bxf4 13. Nge2 Bh6 14. Rhf1
Ke7 15. Ng3 Na6 16. Nf5+ Bxf5 17. Rxf5 Nc5 18. Rdf1 Nxb3 19. axb3 Bg7 20. g4 Rhf8
21. Ne2 Bh6 22. Rxf6 Bg5 23. R6f5 f6 24. Rh1 Rg8 25. h4 Bf4 26. Nxf4 exf4 27.
Rxf4 Rad8 28. Rhf1 Rgf8 29. c3 h6 30. Kc2 b6 31. Rf5 c5 32. Re1 1-0

[Event "MPJBiS 2020"]
[Site "?"]
[Date "2020.08.28"]
[Round "9.6"]
[White "Zieba, Hubert"]
[Black "Sniadecki, Oskar"]
[Result "0-1"]
[BlackElo "1569"]
[WhiteElo "1448"]
[LiveChessVersion "1.4.8"]

1. c4 {[%clk 0:15:18]} c5 {[%clk 0:15:15]} 2. Nc3 {[%clk 0:15:24]} Nc6
{[%clk 0:15:24]} 3. Nf3 {[%clk 0:15:32]} g6 {[%clk 0:15:33]} 4. d4
{[%clk 0:15:41]} cxd4 {[%clk 0:15:40]} 5. Nxd4 {[%clk 0:15:49]} Bg7
{[%clk 0:15:49]} 6. Nc2 {[%clk 0:15:56]} d6 {[%clk 0:15:51]} 7. g3
{[%clk 0:15:59]} Be6 {[%clk 0:15:56]} 8. Ne3 {[%clk 0:15:51]} Nf6
{[%clk 0:16:01]} 9. Bg2 {[%clk 0:15:57]} O-O {[%clk 0:16:07]} 10. O-O
{[%clk 0:16:03]} Rc8 {[%clk 0:16:13]} 11. Qd2 {[%clk 0:15:59]} a6
{[%clk 0:15:27]} 12. b3 {[%clk 0:16:05]} Qd7 {[%clk 0:15:29]} 13. Bb2
{[%clk 0:16:08]} Bh3 {[%clk 0:15:27]} 14. Rfd1 {[%clk 0:15:59]} Bxg2
{[%clk 0:15:31]} 15. Kxg2 {[%clk 0:16:06]} Rfd8 {[%clk 0:15:24]} 16. Ncd5
{[%clk 0:16:10]} Nxd5 {[%clk 0:15:26]} 17. Nxd5 {[%clk 0:16:17]} Ne5
{[%clk 0:15:01]} 18. Nb6 {[%clk 0:16:06]} Qc6+ {[%clk 0:15:09]} 19. Nd5
{[%clk 0:16:00]} e6 {[%clk 0:15:18]} 20. f4 {[%clk 0:15:58]} Nd7 {[%clk 0:14:52]}
21. Bxg7 {[%clk 0:15:02]} Kxg7 {[%clk 0:15:00]} 22. e4 {[%clk 0:14:46]} exd5
{[%clk 0:15:00]} 23. exd5 {[%clk 0:14:48]} Qb6 {[%clk 0:14:44]} 24. Re1
{[%clk 0:14:12]} Re8 {[%clk 0:14:39]} 25. Rxe8 {[%clk 0:14:20]} Rxe8
{[%clk 0:14:48]} 26. Re1 {[%clk 0:14:23]} Rxe1 {[%clk 0:14:37]} 27. Qxe1
{[%clk 0:14:31]} Qd4 {[%clk 0:14:45]} 28. Qe7 {[%clk 0:14:32]} Qd2+
{[%clk 0:14:48]} 29. Kg1 {[%clk 0:14:26]} Nf6 {[%clk 0:14:57]} 30. Qxd6
{[%clk 0:14:30]} Ng4 {[%clk 0:15:02]} 31. Qc5 {[%clk 0:14:26]} Qxh2+
{[%clk 0:15:10]} 32. Kf1 {[%clk 0:14:35]} Qh1+ {[%clk 0:15:05]} 33. Ke2
{[%clk 0:14:40]} Qe4+ {[%clk 0:15:14]} 34. Kf1 {[%clk 0:14:37]} Ne3+
{[%clk 0:15:22]} 35. Kf2 {[%clk 0:14:33]} Ng4+ {[%clk 0:15:21]} 36. Kf1
{[%clk 0:14:34]} Qf3+ {[%clk 0:15:25]} 37. Ke1 {[%clk 0:14:29]} Qxg3+
{[%clk 0:15:30]} 38. Kd1 {[%clk 0:14:34]} Qd3+ {[%clk 0:15:33]} 39. Kc1
{[%clk 0:13:35]} Qe3+ {[%clk 0:15:33]} 40. Qxe3 {[%clk 0:13:40]} Nxe3
{[%clk 0:15:42]} 41. Kd2 {[%clk 0:13:42]} Nf5 {[%clk 0:15:46]} 42. c5
{[%clk 0:13:49]} Kf6 {[%clk 0:15:54]} 43. a4 {[%clk 0:13:46]} Ne7
{[%clk 0:15:40]} 44. d6 {[%clk 0:13:51]} Nf5 {[%clk 0:15:48]} 45. b4
{[%clk 0:13:56]} Nxd6 {[%clk 0:15:56]} 46. cxd6 {[%clk 0:14:04]} Ke6
{[%clk 0:16:06]} 47. Ke3 {[%clk 0:14:07]} Kxd6 {[%clk 0:16:14]} 48. Ke4
{[%clk 0:14:15]} f5+ {[%clk 0:16:23]} 49. Kf3 {[%clk 0:14:24]} Kd5
{[%clk 0:16:32]} 50. b5 {[%clk 0:14:31]} axb5 {[%clk 0:16:40]} 51. axb5
{[%clk 0:14:40]} h6 {[%clk 0:16:49]} 52. b6 {[%clk 0:14:48]} Kc6 {[%clk 0:16:58]}
0-1

[Event "MPJBiS 2020"]
[Site "?"]
[Date "2020.08.28"]
[Round "9.7"]
[White "Bartodziej, Bartosz"]
[Black "Micula, Jakub"]
[Result "1/2-1/2"]
[BlackElo "1304"]
[WhiteElo "1563"]
[LiveChessVersion "1.4.8"]

1. e4 c5 2. Nf3 d6 3. d4 cxd4 4. Nxd4 Nf6 5. Nc3 a6 6. Be2 e5 7. Nb3 Be7 8. Bg5
O-O 9. O-O Be6 10. Bxf6 Bxf6 11. Nd5 Bg5 12. c3 Nc6 13. Qd3 Bxd5 14. Qxd5 Qf6 15.
Rad1 Rfd8 16. Na1 Rac8 17. Nc2 Qg6 18. Bc4 b5 19. Bb3 Ne7 20. Qd3 Qh6 21. Nb4 a5
22. Nd5 a4 23. Nxe7+ Bxe7 24. Bd5 Rb8 25. a3 Rb6 26. g3 Bg5 27. Ba2 Qf6 28. Qe2
Qg6 29. Kh1 Qf6 30. Qg4 g6 31. Bd5 h5 32. Qe2 Kg7 33. Rd3 Qe7 34. Ba2 Rf8 35. f4
exf4 36. gxf4 Bh6 37. f5 Qd8 38. e5 Qa8+ 39. Bd5 Qd8 40. fxg6 fxg6 41. Rxf8 Qxf8
42. Rf3 Qe8 43. Rf7+ Kh8 44. e6 Rb8 45. Qd3 Qg8 46. Qd4+ Bg7 47. Qe4 Bh6 48. e7
Re8 49. Rf6 Qg7 50. Rxg6 Rxe7 51. Rxg7 Rxe4 52. Rg8+ Kh7 53. Bxe4+ Kxg8 54. Bc6
Bc1 55. Bxb5 Bxb2 56. Bxa4 Bxa3 1/2-1/2

[Event "MPJBiS 2020"]
[Site "?"]
[Date "2020.08.28"]
[Round "9.8"]
[White "Liskiewicz, Jakub"]
[Black "Borowik, Wojciech"]
[Result "0-1"]
[BlackElo "1528"]
[WhiteElo "1424"]
[LiveChessVersion "1.4.8"]

1. d4 {[%clk 0:15:19]} Nf6 {[%clk 0:15:18]} 2. c4 {[%clk 0:15:27]} g6
{[%clk 0:15:26]} 3. Nc3 {[%clk 0:15:35]} Bg7 {[%clk 0:15:34]} 4. e4
{[%clk 0:15:42]} O-O {[%clk 0:15:38]} 5. Nf3 {[%clk 0:15:48]} d6 {[%clk 0:15:45]}
6. Be2 {[%clk 0:15:53]} Nbd7 {[%clk 0:15:43]} 7. O-O {[%clk 0:15:26]} e5
{[%clk 0:15:51]} 8. d5 {[%clk 0:15:20]} Nc5 {[%clk 0:15:51]} 9. Qc2
{[%clk 0:15:03]} a5 {[%clk 0:15:57]} 10. h3 {[%clk 0:15:03]} Ne8 {[%clk 0:14:11]}
11. Be3 {[%clk 0:14:54]} b6 {[%clk 0:14:12]} 12. Nd2 {[%clk 0:14:31]} f5
{[%clk 0:14:09]} 13. f3 {[%clk 0:14:37]} f4 {[%clk 0:13:27]} 14. Bf2
{[%clk 0:14:44]} Qg5 {[%clk 0:12:23]} 15. Kh2 {[%clk 0:14:46]} Nf6
{[%clk 0:11:52]} 16. a3 {[%clk 0:13:32]} Nh5 {[%clk 0:11:28]} 17. b4
{[%clk 0:13:19]} Nb7 {[%clk 0:11:12]} 18. Na4 {[%clk 0:10:14]} Ng3
{[%clk 0:10:59]} 19. Rfe1 {[%clk 0:10:00]} Bd7 {[%clk 0:10:12]} 20. Nb2
{[%clk 0:09:41]} axb4 {[%clk 0:10:02]} 21. Nf1 {[%clk 0:08:32]} bxa3
{[%clk 0:09:43]} 22. Nd3 {[%clk 0:08:14]} Nxf1+ {[%clk 0:09:13]} 23. Bxf1
{[%clk 0:08:13]} Ra4 {[%clk 0:07:47]} 24. Qb3 {[%clk 0:06:09]} Na5
{[%clk 0:06:22]} 25. Qc3 {[%clk 0:04:56]} Nxc4 {[%clk 0:02:52]} 26. Nc5
{[%clk 0:02:45]} bxc5 {[%clk 0:02:55]} 27. Bxc4 {[%clk 0:02:47]} Rb8
{[%clk 0:02:10]} 28. Rxa3 {[%clk 0:02:08]} Qd8 {[%clk 0:02:00]} 29. Rxa4
{[%clk 0:01:49]} Bxa4 {[%clk 0:02:09]} 30. Qa5 {[%clk 0:01:54]} Rb4
{[%clk 0:01:43]} 31. Bf1 {[%clk 0:01:32]} Qb8 {[%clk 0:01:30]} 32. Ra1
{[%clk 0:01:20]} Bb5 {[%clk 0:01:17]} 33. Bxb5 {[%clk 0:01:16]} Rxb5
{[%clk 0:01:25]} 34. Qa6 {[%clk 0:01:10]} Rb6 {[%clk 0:01:08]} 35. Qa4
{[%clk 0:01:10]} Rb5 {[%clk 0:00:55]} 36. Qa6 {[%clk 0:01:14]} Qb7
{[%clk 0:00:44]} 37. Qa4 {[%clk 0:01:13]} h6 {[%clk 0:00:27]} 38. Bh4
{[%clk 0:01:09]} g5 {[%clk 0:00:33]} 39. Bf2 {[%clk 0:01:14]} Kh7
{[%clk 0:00:34]} 40. Bg1 {[%clk 0:01:04]} Qb8 {[%clk 0:00:26]} 41. Qa6
{[%clk 0:01:09]} Qb7 {[%clk 0:00:34]} 42. Qa4 {[%clk 0:01:17]} Kg6
{[%clk 0:00:35]} 43. Bf2 {[%clk 0:01:16]} Kh7 {[%clk 0:00:43]} 44. Bg1
{[%clk 0:01:24]} c6 {[%clk 0:00:28]} 45. dxc6 {[%clk 0:01:20]} Qxc6
{[%clk 0:00:35]} 46. Qc4 {[%clk 0:01:15]} Qd7 {[%clk 0:00:30]} 47. Ra8
{[%clk 0:01:17]} Rb7 {[%clk 0:00:24]} 48. Qg8+ {[%clk 0:01:09]} Kg6
{[%clk 0:00:33]} 49. Re8 {[%clk 0:01:09]} Kf6 {[%clk 0:00:19]} 50. Rd8
{[%clk 0:00:54]} Qe7 {[%clk 0:00:21]} 51. Re8 {[%clk 0:00:57]} Qf7
{[%clk 0:00:21]} 52. Rd8 {[%clk 0:00:23]} Qxg8 {[%clk 0:00:26]} 53. Rxg8
{[%clk 0:00:31]} Ke6 {[%clk 0:00:26]} 54. Rc8 {[%clk 0:00:29]} Rd7
{[%clk 0:00:23]} 55. Rc6 {[%clk 0:00:36]} Ke7 {[%clk 0:00:27]} 56. Bf2
{[%clk 0:00:36]} Bf8 {[%clk 0:00:35]} 57. Kg1 {[%clk 0:00:35]} Kd8
{[%clk 0:00:41]} 58. Kf1 {[%clk 0:00:36]} Rb7 {[%clk 0:00:44]} 59. Be1
{[%clk 0:00:42]} Kd7 {[%clk 0:00:48]} 60. Ra6 {[%clk 0:00:49]} Be7
{[%clk 0:00:46]} 61. Ke2 {[%clk 0:00:55]} Rb2+ {[%clk 0:00:53]} 62. Bd2
{[%clk 0:01:02]} c4 {[%clk 0:00:46]} 63. Ra7+ {[%clk 0:01:05]} Kd8
{[%clk 0:00:49]} 64. Kd1 {[%clk 0:01:07]} c3 {[%clk 0:00:55]} 65. Bxc3
{[%clk 0:01:14]} Rxg2 {[%clk 0:01:02]} 66. Ba5+ {[%clk 0:01:16]} Ke8
{[%clk 0:01:10]} 67. Ra8+ {[%clk 0:01:18]} Kf7 {[%clk 0:01:17]} 68. Rh8
{[%clk 0:01:20]} Rf2 {[%clk 0:01:15]} 69. Rh7+ {[%clk 0:01:17]} Ke8
{[%clk 0:01:18]} 70. Rxh6 {[%clk 0:01:19]} Rxf3 {[%clk 0:01:26]} 71. Re6
{[%clk 0:01:20]} Rxh3 {[%clk 0:01:23]} 72. Bb4 {[%clk 0:01:25]} Kf7
{[%clk 0:01:29]} 0-1